| 000 | 00640cab a2200205 4500 | ||
|---|---|---|---|
| 001 | WB3311-07 | ||
| 008 | 090401t1997 xxu||||| |||| 00| 0 eng d | ||
| 035 | _a(Sirsi) u77041 | ||
| 041 | _aeng | ||
| 245 | _aParty Wall Etc Act 1996 | ||
| 260 | _c1997 | ||
| 350 | _a0 | ||
| 490 |
_aDoE News Release _v(140) 11 March 1997, (3) |
||
| 520 | _aThe Party Wall etc Act 1996, will be brought into force on 1 July 1997. Work underway before then will not be affected by the act. | ||
| 650 | _aPARTY WALL ETC ACT 1996 | ||
| 650 |
_aParty walls _96258 |
||
| 690 | _aBUILT ENVIRONMENT-BUILDING INSPECTION | ||
| 942 | _n0 | ||
| 948 | _c12/03/1997 | ||
| 999 |
_c48409 _d48409 |
||